000 00973nam a22003017a 4500
001 7773
003 FISKH
005 20250805160128.0
008 250805b cb ||||| |||| 00| 0 eng d
020 _a0671681753
040 _aFISKH
_beng
_cFISKH
_dFISKH
050 _a PZ7.W1137 H
082 _a 823.914
100 _aWaddell, Martin
_d(1941-)
245 _aHarriet and the crocodiles /
_cMartin Waddell ; illustrated by Mark Bergess
250 _aThis edtion first published in 1986
260 _aNew York :
_bMinstrel Book,
_c1982
300 _a73 pages :
_billustrations ;
_c20 cm
505 _aR
520 _aAt the loss of her pet snail, Harriet, scourge of adults and classmates alike, decides to replace it with a crocodile.
521 8 _a660 estimated
_bLexile
521 8 _aR
_bRaz-Plus
650 _2Chapter book
_aFiction
650 _2Children's
_aWriting
700 _aBurgess, Mark
_dillustrator
942 _2ddc
_cBK
_n0
999 _c7773
_d7773